Thủ tục, hồ sơ và mẫu đơn tranh chấp di sản thừa kế
Tallennettuna:
| Päätekijä: | |
|---|---|
| Aineistotyyppi: | Kirja |
| Kieli: | Undetermined |
| Julkaistu: |
Tp. HCM
Nxb. Tp. HCM
1997
|
| Aiheet: | |
| Tagit: |
Lisää tagi
Ei tageja, Lisää ensimmäinen tagi!
|
| Thư viện lưu trữ: | Trung tâm Học liệu Trường Đại học Cần Thơ |
|---|
| LEADER | 00591nam a2200169Ia 4500 | ||
|---|---|---|---|
| 001 | CTU_36522 | ||
| 008 | 210402s9999 xx 000 0 und d | ||
| 082 | |a 346.59705 | ||
| 082 | |b Đ307 | ||
| 100 | |a Nguyễn Ngọc Điệp | ||
| 245 | 0 | |a Thủ tục, hồ sơ và mẫu đơn tranh chấp di sản thừa kế | |
| 245 | 0 | |c Nguyễn Ngọc Điệp, Lê Kim Dung | |
| 260 | |a Tp. HCM | ||
| 260 | |b Nxb. Tp. HCM | ||
| 260 | |c 1997 | ||
| 650 | |a civil law - vietnam,inheritance and succession,right of property | ||
| 980 | |a Trung tâm Học liệu Trường Đại học Cần Thơ | ||